00458nam a2200181Ia 450000500170000000800410001704000190005804100120007708200170008910000140010624500310012026000380015130000120018963000190020165000140022065100320023485000100026620211216111032.0131103s9999 xx 000 0 und d aLoreto College aEnglish a891.433bPRE aPremchand aChithi Patri IIcPremchand aAllahabadbHansha Prakashanc1962 a276 p.  aCorrespondence aPremchand aHindi - Letters - Premchand aLCLIB